| 000 | 00502nam a22001817a 4500 | ||
|---|---|---|---|
| 005 | 20260107151028.0 | ||
| 008 | 260107b |||||||| |||| 00| 0 eng d | ||
| 020 | _a978-93-5152-190-7 | ||
| 050 | _aRA 638.A38 2015 | ||
| 100 | _aMURUGANATHAN A | ||
| 245 | _aADULT IMMUNIZATION | ||
| 260 |
_aINDIA _bJAYPEE BROTHERS MEDICAL PUBLISHERS _c2015 |
||
| 300 | _aX,279 | ||
| 500 | _aINCLUDES AN INDEX | ||
| 650 | _aImmunization handbooks-Vaccine handbooks | ||
| 700 | _aDAGA SURENDRA | ||
| 942 |
_2lcc _cBK |
||
| 999 |
_c216420 _d216420 |
||